000 00799cam a2200241 a 4500
001 000014314
005 20200929163553.0
008 020729s2001 nq 000 0 spa d
020 _a9992437294
035 _a(CStRLIN)NYUGB12700250-B
035 _a(OCoLC)ocm51950040
040 _aDO-SdBNP
_cHLS
_dNNU
_dDLC
082 _a331.129
_bG948
100 1 _aGuido, Danilo.
_932279
245 1 0 _aHumo en la balanza... :
_btestimonio de las cortes de café /
_cDanilo Guido.
246 3 0 _aTestimonio de las cortes de café
260 _aManagua :
_bCentro Nicaragüense de Escritores,
_c2001.
300 _a105 p. ;
_c22 cm.
651 4 _aNicaragua
_xPolitica Y Gobierno,
_y1979-1990.
_98915
651 4 _aNicaragua
_xCondiciones Rurales
_932280
910 _aCatalogación por copia/LC
049 _aBNGR
999 _c13909
_d13909